00284cam2a2200085 4500020002300000100001400023245005800037260004300095300006000138 a9789861613286c220 a柯志恩 a1~3歲發展與教養對策b(12-36個月)c柯志恩1 a臺北市b信誼基金出版社c2012 a書背題名 : 1-3歲發展與教養對策(12-36個月)